Álbum salón [ (Record no. 5114)

MARC details
000 -LEADER
campo de control de longitud fija 00902nam a2200241 i 4500
001 - NÚMERO DE CONTROL
campo de control 5114
003 - IDENTIFICADOR DE NÚMERO DE CONTROL
campo de control ES-MaACL
005 - FECHA Y HORA DE LA ÚLTIMA TRANSACCIÓN
campo de control 20230908150412.0
007 - CAMPO FIJO DE DESCRIPCIÓN FÍSICA--INFORMACIÓN GENERAL
campo de control de longitud fija hera b c
008 - DATOS DE LONGITUD FIJA--INFORMACIÓN GENERAL
campo de control de longitud fija 891023d19891897sp a b ||||1|dspa d
080 ## - NÚMERO DE LA CLASIFICACIÓN DECIMAL UNIVERSAL
Número de la Clasificación Decimal Universal 05 (467.11 Barcelona) Álbum
080 ## - NÚMERO DE LA CLASIFICACIÓN DECIMAL UNIVERSAL
Número de la Clasificación Decimal Universal 05(460)
245 00 - MENCIÓN DEL TÍTULO
Título Álbum salón [
Medio Microforma]
Resto del título : revista ibero-americana de literatura y arte.
260 ## - PUBLICACIÓN, DISTRIBUCIÓN, ETC.
Lugar de publicación, distribución, etc. Madrid :
Nombre del editor, distribuidor, etc. Ateneo Científico, Literario y Artístico,
Fecha de publicación, distribución, etc. 1989.
300 ## - DESCRIPCIÓN FÍSICA
Extensión 2 carretes de microfilme :
Otras características físicas negativo, il. ;
Dimensiones 35 mm.
505 8# - NOTA DE CONTENIDO CON FORMATO
Nota de contenido con formato Carrete n. 1: 1897-1900 -- Carrete n. 2: 1901-1903
534 ## - NOTA SOBRE LA VERSIÓN ORIGINAL
Frase introductoria Publicado originalmente:
Publicación, distribución, etc. del original Barcelona : Miguel Seguí, 1897-1903, periodicidad semanal, microfilmado con Álbum de música.
650 14 - PUNTO DE ACCESO ADICIONAL DE MATERIA--TÉRMINO DE MATERIA
Término de materia o nombre geográfico como elemento de entrada Obras de 1800.
9 (RLIN) 15662
740 02 - ENTRADA AGREGADA--TÍTULO RELACIONADO/ANALÍTICO NO CONTROLADO
Título relacionado o analítico no controlado Álbum de música.
852 ## - LOCALIZACIÓN
Ubicación ES-MaACL
Número de control de estantería M-216-217
itemnumber 5231
Ubicación en estantería Depósito 1
942 ## - ELEMENTOS DE ENTRADA SECUNDARIOS (KOHA)
Fuente del sistema de clasificación o colocación Clasificación decimal universal
Tipo de ítem Koha Microforma
Holdings
Estatus retirado Estado de pérdida Fuente del sistema de clasificación o colocación Estado de daño No para préstamo Colección Biblioteca de origen Biblioteca actual Ubicación en estantería Fecha de adquisición Total de préstamos Signatura topográfica completa Código de barras Visto por última vez Precio de reemplazo Tipo de ítem Koha
    Clasificación decimal universal     Periódicos y Revistas Biblioteca del Ateneo de Madrid Biblioteca del Ateneo de Madrid Depósito 1 17/01/2008   M-216-217 1005177 23/02/2023 23/02/2023 Microforma